Introducción de la computadora en la empresa /

Guardado en:
Autor Principal: Tomlin, Roger
Formato: Libro
Publicado: Buenos Airess : El Ateneo, 1976
Materias:
Etiquetas: Agregar Etiqueta
Sin Etiquetas, Sea el primero en etiquetar este registro!
LEADER 00491nam a22001695a 4500
001 CEM.cems016852
005 20091116090833.0
008 130507s1976##################000#0#####d
003 CEMS
082 0 4 |a 657 
100 1 |a Tomlin, Roger 
245 1 0 |a Introducción de la computadora en la empresa /  |c Roger Tomlin, 
260 |a Buenos Airess :  |b El Ateneo,  |c 1976 
300 |a 179 p. 
653 |a Empresa 
653 |a Computacion 
859 |a CEMS  |b BIB. CEMS - Agricultura  |h 657  |i T597  |p A17822.94  |t Ej.1  |v 1  |3 Vol. 1